| 000 | 00953nam a2200229 i 4500 | ||
|---|---|---|---|
| 001 | 92733 | ||
| 003 | ES-MaACL | ||
| 005 | 20230906181039.0 | ||
| 007 | t| | ||
| 008 | 050421s1998 sp ||||1| spa d | ||
| 020 | _a84-89770-10-7 | ||
| 080 | _a001"19" | ||
| 245 | 0 | 0 |
_aCiencia y sociedad : _bdesafíos del conocimiento ante el tercer milenio / _ccoordinadores, Francisco Mora Teruel, José Mª Segovia de Arana. |
| 260 |
_a[Madrid] : _bFundación Central Hispano ; _aOviedo : _bNobel, _c[1998] |
||
| 300 |
_a381 p. : _bil. ; _c25 cm. |
||
| 594 | _aRecoge los textos de las conferencias pronunciadas en el ciclo Ciencia y Sociedad, organizado por la Fundación Central Hispano, celebrado en Madrid entre enero y junio de 1997. | ||
| 650 | 4 |
_aCiencia- _yS.XX. _910964 |
|
| 700 | 1 |
_aMora Teruel, Francisco. _982890 |
|
| 700 | 1 |
_aSegovia de Arana, José María. _9105155 |
|
| 710 | 2 |
_aFundación Central Hispano. _94249 |
|
| 852 | 4 |
_aES-MaACL _jE-11037 |
|
| 999 |
_c92733 _d92733 |
||